| 000 | 02138nam0a2200361 i 4500 | ||
|---|---|---|---|
| 001 | RU\NLR\BIBL_A\010735031 | ||
| 005 | 20240921211051.0 | ||
| 010 |
_a9785952501010 _9300 |
||
| 021 |
_aRU _b2015-15499 _9937 |
||
| 035 | _a(NILC)RuMoRGB-007884011 | ||
| 035 | _a(NLR Aleph) 010735031 | ||
| 090 |
_a9878895 _c9878895 |
||
| 100 | _a20150421d2013 km y0rusy50 ca | ||
| 101 | 0 | _arus | |
| 102 | _aRU | ||
| 105 | _aa z 000yy | ||
| 200 | 1 |
_aПроектирование и расчет железобетонных балок с переменным преднапряжением _eмонография _fД. Р. Маилян, М. В. Осипов, Д. А. Дедух, С. А. Тарновский _gМ-во образования и науки Российской Федерации, Федеральное гос. бюджет. образоват. учреждение высш. проф. образования "Ростовский гос. строит. ун-т" |
|
| 210 |
_aРостов-на-Дону _cРостовский гос. строит. ун-т _d2013 |
||
| 215 |
_a125 с. _cил., табл. _d21 |
||
| 300 | _aНа обороте тит. л. авт.: Д.Р. Маилян, д.т.н., М.В. Осипов, к.т.н. | ||
| 320 | _aБиблиогр.: с. 112-125 (149 назв.) | ||
| 606 |
_aЖелезобетонные конструкции предварительно напряженные _xПроектирование _92206085 _3RU\NLR\AUTH\661325419 |
||
| 606 | 1 |
_aЖелезобетонные балки _xПроектирование _91098537 _3RU\NLR\AUTH\66432169 |
|
| 686 | 1 | _aН539.110.7-02 | |
| 701 | 1 |
_aМаилян _bД. Р. _gДмитрий Рафаэлович |
|
| 701 | 1 |
_aОсипов _bМ. В. _cканд. техн. наук _gМихаил Владимирович _9144525 _3RU\NLR\AUTH\770144561 |
|
| 701 | 1 |
_aДедух _bД. А. _gДмитрий Андреевич |
|
| 701 | 1 |
_aТарновский _bС. А. _gСтанислав Александрович |
|
| 801 | 0 |
_aRU _bРГБ _c20150311 _gRCR |
|
| 942 | _cBOOK | ||
| 980 | _aNBR | ||